[Event "POL-chT 2nd League"]
[Site "Jastrzebia Gora"]
[Date "2023.09.06"]
[Round "5.60"]
[White "Kindler, Karolina"]
[Black "Kopica, Paulina"]
[Result "0-1"]
[WhiteElo "1808"]
[BlackElo "1895"]
[PlyCount "68"]
[EventDate "2023.09.02"]
[EventType "team-swiss"]
[EventRounds "9"]
[EventCountry "POL"]
[SourceTitle "EXT 2024"]
[Source "ChessBase"]
[SourceDate "2023.10.10"]
[SourceVersion "1"]
[SourceVersionDate "2023.10.10"]
[SourceQuality "1"]
[WhiteTeam "Gdansk Korona"]
[BlackTeam "Warszawa Zugzwang"]
[WhiteTeamCountry "POL"]
[BlackTeamCountry "POL"]

1. d4 e6 2. Nf3 f5 3. c4 Nf6 4. g3 Bb4+ 5. Bd2 Bxd2+ 6. Nbxd2 b6 7. Bg2 Bb7 8. 0-0 0-0 9. b4 d6 10. Qc2 Qe7 11. Rfc1 c5 12. bxc5 dxc5 13. dxc5 bxc5 14. Rab1 Bc6 15. Ne5 Bxg2 16. Kxg2 Nbd7 17. Ndf3 Nxe5 18. Nxe5 Qc7 19. Nd3 Nd7 20. Rb5 e5 21. Rcb1 f4 22. Qd2 Qc6+ 23. f3 fxg3 24. hxg3 e4 25. Nf4 Nb6 26. Qe3 Rac8 27. Rc1 Rfe8 28. Qb3 Rcd8 29. Qa3 exf3+ 30. Qxf3 Qd6 31. Ra5 Qd2 32. Qa3 Rxe2+ 33. Nxe2 Qxe2+ 34. Kh1 Rd2 0-1

[Event "POL-chT 2nd League"]
[Site "Jastrzebia Gora"]
[Date "2023.09.04"]
[Round "3.18"]
[White "Kindler, Karolina"]
[Black "Michalska, Aleksandra"]
[Result "0-1"]
[WhiteElo "1808"]
[BlackElo "1844"]
[PlyCount "102"]
[EventDate "2023.09.02"]
[EventType "team-swiss"]
[EventRounds "9"]
[EventCountry "POL"]
[SourceTitle "EXT 2024"]
[Source "ChessBase"]
[SourceDate "2023.10.10"]
[SourceVersion "1"]
[SourceVersionDate "2023.10.10"]
[SourceQuality "1"]
[WhiteTeam "Gdansk Korona"]
[BlackTeam "Zielonka Zieloni"]
[WhiteTeamCountry "POL"]
[BlackTeamCountry "POL"]

1. d4 Nf6 2. Nf3 g6 3. c4 Bg7 4. Bf4 0-0 5. Nc3 d5 6. e3 c5 7. Be2 Nc6 8. dxc5 Ne4 9. 0-0 Nxc3 10. bxc3 dxc4 11. Qxd8 Rxd8 12. Rac1 e5 13. Bg3 Rd5 14. Bxc4 Rxc5 15. Bb3 h6 16. Rfd1 e4 17. Nd4 Ne5 18. Bxe5 Bxe5 19. h3 b6 20. Ne2 Ba6 21. c4 Rac8 22. Rd7 R8c7 23. Rxc7 Rxc7 24. Rc2 Rd7 25. g3 Kf8 26. Nc3 Bxc3 27. Rxc3 Ke7 28. Rc2 Rc7 29. Kg2 f5 30. g4 fxg4 31. hxg4 Rc5 32. Kg3 g5 33. a4 Ke6 34. Rc1 Ke5 35. Rh1 Rc6 36. Rh5 Rf6 37. f4+ exf3 38. Kf2 Bc8 39. Bd1 Bxg4 40. Rh1 Be6 41. Kg3 Bxc4 42. Rh2 Ke4 43. Rf2 Kxe3 44. Rxf3+ Rxf3+ 45. Bxf3 Bb3 46. Bc6 Bd1 47. Bd7 h5 48. Bb5 h4+ 49. Kh3 Kf4 50. Bc6 Bg4+ 51. Kh2 Bf5 0-1

[Event "POL-chT 2nd League"]
[Site "Jastrzebia Gora"]
[Date "2022.09.10"]
[Round "8.88"]
[White "Kindler, Karolina"]
[Black "Skladanowski, Adam"]
[Result "1/2-1/2"]
[WhiteElo "1802"]
[BlackElo "1774"]
[PlyCount "66"]
[EventDate "2022.09.03"]
[EventType "team-swiss"]
[EventRounds "9"]
[EventCountry "POL"]
[SourceTitle "CBM 210 Extra"]
[Source "ChessBase"]
[SourceDate "2022.11.30"]
[SourceVersion "1"]
[SourceVersionDate "2022.11.30"]
[SourceQuality "1"]
[WhiteTeam "Gdansk Korona"]
[BlackTeam "Sanovia Lesko"]
[WhiteTeamCountry "POL"]
[BlackTeamCountry "POL"]

1. d4 b6 2. Nf3 Bb7 3. e3 Nf6 4. Be2 d6 5. b3 h5 6. Bb2 h4 7. h3 e6 8. c4 Nbd7 9. Nc3 Qe7 10. Nb5 Qd8 11. Rc1 Ne4 12. d5 e5 13. Qc2 Ndf6 14. Nc3 Nxc3 15. Bxc3 a5 16. a3 g6 17. Bd3 Qe7 18. Ng5 Bg7 19. 0-0 0-0 20. f4 Bh6 21. fxe5 dxe5 22. Nf3 Bxe3+ 23. Kh1 Bf4 24. Rce1 Nh5 25. Kg1 Qc5+ 26. Kh1 Qe7 27. Nxe5 Ng3+ 28. Kg1 Qc5+ 29. Rf2 Be3 30. Rxe3 Qxe3 31. Bxg6 Ne2+ 32. Qxe2 Qxe2 33. Bxf7+ Rxf7 1/2-1/2

[Event "POL-chT Academic"]
[Site "Chorzow"]
[Date "2021.05.15"]
[Round "1.24"]
[White "Kindler, Karolina"]
[Black "Samujlo, Agnieszka"]
[Result "1-0"]
[WhiteElo "1852"]
[BlackElo "1431"]
[PlyCount "71"]
[EventDate "2021.05.15"]
[EventType "team-swiss (rapid)"]
[EventRounds "9"]
[EventCountry "POL"]
[SourceTitle "CBM 202 Extra"]
[Source "ChessBase"]
[SourceDate "2021.07.31"]
[SourceVersion "1"]
[SourceVersionDate "2021.07.31"]
[SourceQuality "1"]
[WhiteTeam "Wroclaw Politechnik"]
[BlackTeam "Lublin Curie Sklodowska Univ"]
[WhiteTeamCountry "POL"]
[BlackTeamCountry "POL"]

1. d4 Nf6 2. Nf3 e6 3. c4 b6 4. Nc3 Bb7 5. Bf4 d6 6. h3 Be7 7. e3 Nbd7 8. Be2 c5 9. d5 e5 10. Bh2 a6 11. a4 Qc7 12. 0-0 0-0 13. Nd2 h6 14. Bd3 g6 15. f4 Nh7 16. f5 g5 17. Qh5 Kg7 18. Nde4 Ndf6 19. Qf3 Bc8 20. h4 g4 21. Qe2 h5 22. Ng3 Rh8 23. Nce4 Bd7 24. Nxh5+ Nxh5 25. Qxg4+ Kf8 26. Qxh5 Kg7 27. Rf3 Rag8 28. Rg3+ Kf8 29. Qh6+ Ke8 30. Rxg8+ Rxg8 31. Qxh7 Rf8 32. f6 Bd8 33. Ng5 Bxf6 34. Rf1 Bd8 35. Nxf7 Bg4 36. Bg6 1-0

[Event "POL-ch Academic (Women)"]
[Site "Chorzow"]
[Date "2021.05.14"]
[Round "1.4"]
[White "Kindler, Karolina"]
[Black "Kubicka, Anna"]
[Result "0-1"]
[WhiteElo "1852"]
[BlackElo "2235"]
[PlyCount "95"]
[EventDate "2021.05.14"]
[EventType "swiss (rapid)"]
[EventRounds "9"]
[EventCountry "POL"]
[SourceTitle "CBM 202 Extra"]
[Source "ChessBase"]
[SourceDate "2021.07.31"]
[SourceVersion "1"]
[SourceVersionDate "2021.07.31"]
[SourceQuality "1"]

1. d4 d6 2. Nf3 g6 3. c4 Bg7 4. Nc3 Nc6 5. Bf4 Bg4 6. e3 e5 7. dxe5 Nxe5 8. Be2 Bxf3 9. Bxf3 Nxf3+ 10. Qxf3 Ne7 11. 0-0 Rb8 12. Rac1 0-0 13. b3 Nc6 14. Rfd1 Bxc3 15. Rxc3 Qe7 16. Qg3 b6 17. h4 Rfe8 18. h5 Qf6 19. Rcd3 Re6 20. Bg5 Qe5 21. Bf4 Qe4 22. h6 Ne7 23. Rd4 Qc6 24. R4d2 Nf5 25. Qh3 Rbe8 26. g4 Ne7 27. Qg2 Qxg2+ 28. Kxg2 Nc6 29. a3 Na5 30. Rd3 Re4 31. f3 R4e6 32. Kf2 Rf8 33. Rc1 f5 34. g5 Rfe8 35. b4 Nb7 36. c5 bxc5 37. bxc5 Nxc5 38. Rdc3 Rb8 39. a4 Ree8 40. a5 Rb5 41. Ra3 Reb8 42. Rc2 Rb3 43. Rxb3 Rxb3 44. Ra2 Kf7 45. Ke2 Ke6 46. Kd2 Kd5 47. Kc2 Kc4 48. Rb2 0-1

[Event "Krakow op-B 31st"]
[Site "Krakow"]
[Date "2020.12.27"]
[Round "1"]
[White "Kindler, Karolina"]
[Black "Dylag, Emilia"]
[Result "1-0"]
[WhiteElo "1881"]
[BlackElo "2082"]
[PlyCount "95"]
[EventDate "2020.12.27"]
[EventType "swiss"]
[EventRounds "9"]
[EventCountry "POL"]
[SourceTitle "CBM 200 Extra"]
[Source "ChessBase"]
[SourceDate "2021.03.31"]
[SourceVersion "1"]
[SourceVersionDate "2021.03.31"]
[SourceQuality "1"]

1. d4 Nf6 2. Nf3 g6 3. c4 Bg7 4. Nc3 0-0 5. Bf4 d6 6. h3 Nbd7 7. e3 c6 8. Be2 a6 9. 0-0 b5 10. b4 Nb6 11. cxb5 axb5 12. Qc2 Bb7 13. e4 Qd7 14. Rac1 Na4 15. Nb1 Rfc8 16. Rfd1 h6 17. Nbd2 Nb6 18. Nb3 Ra4 19. Bd2 Qe6 20. Bd3 Ba8 21. Re1 Nfd7 22. Bc3 Nb8 23. Qd2 Qd7 24. Na5 Na6 25. Qb2 Rb8 26. Bc2 Rxa5 27. bxa5 Nc4 28. Qb3 c5 29. a4 cxd4 30. Nxd4 Bxd4 31. Bxd4 Nxa5 32. Qd3 Nb4 33. Qd2 bxa4 34. Qxh6 e5 35. Bc3 a3 36. Qd2 Nc4 37. Qe2 Nxc2 38. Qxc2 d5 39. exd5 Qxd5 40. f3 Nb2 41. Bxe5 Rd8 42. Bxb2 axb2 43. Qxb2 Qg5 44. Rc3 Kh7 45. Rc7 Kg8 46. Rce7 Qc5+ 47. Kh1 Bc6 48. Qf6 1-0

[Event "POL-chT 2nd League"]
[Site "Jastrzebia Gora"]
[Date "2019.09.14"]
[Round "8.15"]
[White "Dziodzio, Angelika"]
[Black "Kindler, Karolina"]
[Result "0-1"]
[WhiteElo "2117"]
[BlackElo "1789"]
[PlyCount "92"]
[EventDate "2019.09.07"]
[EventType "team-swiss"]
[EventRounds "9"]
[EventCountry "POL"]
[SourceTitle "EXT 2020"]
[Source "ChessBase"]
[SourceDate "2019.10.17"]
[SourceVersion "1"]
[SourceVersionDate "2019.10.17"]
[SourceQuality "1"]
[WhiteTeam "Czerwionka Leszczyny Skoczek"]
[BlackTeam "Gdansk Korona"]
[WhiteTeamCountry "POL"]
[BlackTeamCountry "POL"]

1. e4 d5 2. exd5 Nf6 3. Bb5+ Bd7 4. Be2 Nxd5 5. d4 g6 6. c4 Nb6 7. Nc3 e6 8. Be3 Bg7 9. Nf3 Bc6 10. 0-0 Bxf3 11. Bxf3 c6 12. Qd3 0-0 13. Rfd1 Qe7 14. a3 Rd8 15. Qe2 N8d7 16. Rac1 Rac8 17. b4 Nf8 18. Qa2 f5 19. g3 Kh8 20. Qb3 Bf6 21. a4 e5 22. dxe5 Qxe5 23. a5 Rxd1+ 24. Nxd1 Nbd7 25. Nc3 a6 26. Bf4 Qe6 27. Na4 g5 28. Be3 Ne5 29. Bg2 Nfd7 30. Qd1 Rd8 31. Qh5 g4 32. h3 Nxc4 33. Bc5 Rg8 34. hxg4 fxg4 35. Rd1 Rg5 36. Qh6 Nce5 37. Be4 Qf7 38. Bd4 Rh5 39. Qf4 Qb3 40. Nc3 Kg7 41. Bg2 Qe6 42. Qe4 Qf5 43. Qe2 Nf3+ 44. Bxf3 gxf3 45. Qf1 Rh3 46. Be3 Ne5 0-1

[Event "EU-ch U18 Girls"]
[Site "Bratislava"]
[Date "2019.08.09"]
[Round "8"]
[White "Kindler, Karolina"]
[Black "Louka, Magdalini"]
[Result "1/2-1/2"]
[WhiteElo "1769"]
[BlackElo "1740"]
[PlyCount "74"]
[EventDate "2019.08.02"]
[EventType "swiss"]
[EventRounds "9"]
[EventCountry "SVK"]
[SourceTitle "CBM 191 Extra"]
[Source "ChessBase"]
[SourceDate "2019.09.30"]
[SourceVersion "1"]
[SourceVersionDate "2019.09.30"]
[SourceQuality "1"]

1. d4 Nf6 2. Nf3 e6 3. Bf4 d5 4. e3 Bd6 5. Ne5 0-0 6. Bd3 b6 7. Nd2 Bb7 8. 0-0 c5 9. c3 Nc6 10. Bg3 Be7 11. f4 Nxe5 12. fxe5 Ne4 13. Bxe4 dxe4 14. Qg4 Qd5 15. Rf4 cxd4 16. exd4 e3 17. Ne4 h6 18. Bh4 Bxh4 19. Qxh4 Qb5 20. Nf6+ gxf6 21. Qxh6 Qe2 22. Qh3 Qxg2+ 23. Qxg2+ Bxg2 24. Kxg2 fxe5 25. dxe5 Rfd8 26. Kf3 Rd3 27. Re4 Rd2 28. Rg1+ Kf8 29. Reg4 Rad8 30. Rg8+ Ke7 31. Rxd8 Kxd8 32. Rg2 Rd5 33. Ke4 Rd2 34. Kf3 Rd5 35. Rg5 Rd2 36. Rg2 Rd5 37. Rg5 Rd2 1/2-1/2

[Event "EU-ch U18 Girls"]
[Site "Bratislava"]
[Date "2019.08.04"]
[Round "3"]
[White "Manova, Ivana"]
[Black "Kindler, Karolina"]
[Result "1-0"]
[WhiteElo "1841"]
[BlackElo "1769"]
[PlyCount "79"]
[EventDate "2019.08.02"]
[EventType "swiss"]
[EventRounds "9"]
[EventCountry "SVK"]
[SourceTitle "CBM 191 Extra"]
[Source "ChessBase"]
[SourceDate "2019.09.30"]
[SourceVersion "1"]
[SourceVersionDate "2019.09.30"]
[SourceQuality "1"]

1. e4 d5 2. exd5 Nf6 3. d4 Nxd5 4. c4 Nb6 5. Nf3 Bg4 6. Be2 e6 7. 0-0 Nc6 8. Nc3 Be7 9. b3 0-0 10. Be3 f5 11. Ne5 Nxe5 12. dxe5 Bxe2 13. Nxe2 a5 14. Nf4 Qc8 15. c5 Nd7 16. Nxe6 Re8 17. Bd4 Nb8 18. Nf4 Nc6 19. Qd3 Bg5 20. Nh3 Be7 21. Qc4+ Kh8 22. Rad1 Qb8 23. Nf4 Nxd4 24. Rxd4 Ra6 25. Rd7 Bf8 26. e6 Rc6 27. Qd4 Qa7 28. e7 Rxe7 29. Rxe7 Bxe7 30. Re1 Qxc5 31. Qxc5 Rxc5 32. Nd3 Rd5 33. Rxe7 g5 34. Ne1 Rc5 35. Kf1 b5 36. Ke2 a4 37. Kd2 axb3 38. axb3 Rd5+ 39. Nd3 c5 40. Re5 1-0

[Event "EU-ch U18 Girls"]
[Site "Bratislava"]
[Date "2019.08.03"]
[Round "2"]
[White "Kindler, Karolina"]
[Black "Koridze, Lile"]
[Result "0-1"]
[WhiteElo "1769"]
[BlackElo "1950"]
[PlyCount "106"]
[EventDate "2019.08.02"]
[EventType "swiss"]
[EventRounds "9"]
[EventCountry "SVK"]
[SourceTitle "CBM 191 Extra"]
[Source "ChessBase"]
[SourceDate "2019.09.30"]
[SourceVersion "1"]
[SourceVersionDate "2019.09.30"]
[SourceQuality "1"]

1. e4 c5 2. Nf3 d6 3. d4 cxd4 4. Nxd4 Nf6 5. Nc3 Nc6 6. Nb3 e5 7. Bg5 Be7 8. Bxf6 Bxf6 9. Nd5 0-0 10. Bc4 a5 11. a4 Bg5 12. 0-0 Kh8 13. Qd3 Be6 14. Rad1 Rc8 15. c3 Bg4 16. f3 Be6 17. Kh1 Ne7 18. Na1 Ng6 19. Bb3 Rc6 20. Qb5 Bc8 21. Nc2 Nf4 22. Na3 Nxd5 23. Bxd5 Rc5 24. Qb3 Bf4 25. g3 Bg5 26. Rd3 Qe7 27. Rfd1 f5 28. Qb6 Rxd5 29. Rxd5 fxe4 30. fxe4 Qf7 31. R5d3 Bg4 32. Re1 Bf3+ 33. Kg1 Bxe4 34. h4 Bd8 35. Qe3 Bxd3 36. Rd1 e4 37. Nb5 Bxb5 38. axb5 Qf3 39. Qxf3 exf3 40. Rxd6 Bc7 41. Rd7 Bxg3 42. Rd3 Bxh4 43. c4 g5 44. c5 f2+ 45. Kf1 g4 46. c6 g3 47. Rd1 bxc6 48. bxc6 Rc8 49. Rc1 Bg5 50. Rc3 Bf4 51. Rc4 Bd6 52. Kg2 Rf8 53. Kf1 g2+ 0-1

[Event "EU-ch U18 Girls"]
[Site "Bratislava"]
[Date "2019.08.02"]
[Round "1"]
[White "Ferkova, Dominika"]
[Black "Kindler, Karolina"]
[Result "1-0"]
[WhiteElo "2085"]
[BlackElo "1769"]
[PlyCount "93"]
[EventDate "2019.08.02"]
[EventType "swiss"]
[EventRounds "9"]
[EventCountry "SVK"]
[SourceTitle "CBM 191 Extra"]
[Source "ChessBase"]
[SourceDate "2019.09.30"]
[SourceVersion "1"]
[SourceVersionDate "2019.09.30"]
[SourceQuality "1"]

1. d4 d5 2. c4 e6 3. Nc3 Nf6 4. Nf3 c6 5. Bg5 Nbd7 6. e3 Qa5 7. Bxf6 Nxf6 8. Nd2 Bb4 9. Qc2 0-0 10. Be2 Re8 11. 0-0 e5 12. dxe5 Bxc3 13. Nb3 Qc7 14. exf6 Bxf6 15. cxd5 Be5 16. h3 cxd5 17. Qxc7 Bxc7 18. Bf3 Be6 19. Rfd1 Red8 20. Rd2 Be5 21. Rad1 b6 22. e4 d4 23. Nxd4 Bxa2 24. Nc6 Rxd2 25. Rxd2 Bf4 26. Rd7 a6 27. e5 Re8 28. Rb7 Bc4 29. g3 Bc1 30. Rxb6 Bb5 31. Nb8 Rxe5 32. Nxa6 g6 33. Nc7 Re1+ 34. Kh2 Be2 35. Rb8+ Kg7 36. Bd5 Bf1 37. Bg2 Bxg2 38. Kxg2 Re2 39. b4 Be3 40. Kf3 Ba7 41. Kxe2 Bxb8 42. Nd5 f5 43. Kd3 Ba7 44. f4 Kf7 45. b5 Ke6 46. b6 Bb8 47. Nc7+ 1-0

[Event "Katowice POL-HUN 7th"]
[Site "Katowice"]
[Date "2019.04.13"]
[Round "1"]
[White "Kindler, Karolina"]
[Black "Janik, Igor"]
[Result "0-1"]
[WhiteElo "1709"]
[BlackElo "2469"]
[PlyCount "60"]
[EventDate "2019.04.13"]
[EventType "swiss (rapid)"]
[EventRounds "9"]
[EventCountry "POL"]
[SourceTitle "CBM 189 Extra"]
[Source "ChessBase"]
[SourceDate "2019.06.03"]
[SourceVersion "1"]
[SourceVersionDate "2019.06.03"]
[SourceQuality "1"]

1. d4 Nf6 2. c4 e6 3. Nc3 Bb4 4. Bg5 c5 5. e3 cxd4 6. exd4 Bxc3+ 7. bxc3 Qa5 8. Qc2 Qxg5 9. Nf3 Qg6 10. Qxg6 hxg6 11. Bd3 b6 12. 0-0 Bb7 13. Nd2 Nc6 14. Ne4 Nxe4 15. Bxe4 0-0-0 16. Rac1 Rh4 17. Bf3 Rdh8 18. h3 Na5 19. Bxb7+ Kxb7 20. d5 Rxc4 21. dxe6 dxe6 22. Rfd1 Rhc8 23. Rd7+ R8c7 24. Rxc7+ Kxc7 25. Kf1 b5 26. Ke2 b4 27. Kd3 Kc6 28. Rc2 Rxc3+ 29. Rxc3+ bxc3 30. Kxc3 Kc5 0-1

[Event "Lazy op 14th"]
[Site "Lazy"]
[Date "2018.07.03"]
[Round "9"]
[White "Krzywnicka, Maria"]
[Black "Kindler, Karolina"]
[Result "1/2-1/2"]
[WhiteElo "1845"]
[BlackElo "1784"]
[PlyCount "46"]
[EventDate "2018.06.24"]
[EventType "swiss"]
[EventRounds "9"]
[EventCountry "POL"]
[SourceTitle "CBM 185 Extra"]
[Source "ChessBase"]
[SourceDate "2018.07.29"]
[SourceVersion "1"]
[SourceVersionDate "2018.07.29"]
[SourceQuality "1"]

1. e4 c5 2. d3 e6 3. g3 d6 4. Bg2 Nf6 5. f4 Be7 6. Nf3 a6 7. 0-0 0-0 8. Nc3 b5 9. h3 Bb7 10. g4 Qc7 11. Nh2 Nc6 12. Ne2 Rac8 13. Be3 Nd4 14. Ng3 Nd7 15. c3 Nc6 16. f5 Bh4 17. Nh5 exf5 18. gxf5 Nf6 19. Rf4 Bg5 20. Nxf6+ Bxf6 21. Rf1 Ne5 22. Ng4 Qe7 23. Qd2 Kh8 1/2-1/2

[Event "Lazy op 14th"]
[Site "Lazy"]
[Date "2018.06.30"]
[Round "7"]
[White "Kindler, Karolina"]
[Black "Hertlein, Irena"]
[Result "1/2-1/2"]
[WhiteElo "1784"]
[BlackElo "1531"]
[PlyCount "70"]
[EventDate "2018.06.24"]
[EventType "swiss"]
[EventRounds "9"]
[EventCountry "POL"]
[SourceTitle "CBM 185 Extra"]
[Source "ChessBase"]
[SourceDate "2018.07.29"]
[SourceVersion "1"]
[SourceVersionDate "2018.07.29"]
[SourceQuality "1"]

1. Nf3 d5 2. b3 Nf6 3. Bb2 c5 4. e3 e6 5. d4 Nc6 6. Bd3 Bd6 7. Ne5 cxd4 8. exd4 0-0 9. 0-0 Qc7 10. f4 Nb4 11. Rf3 Nxd3 12. cxd3 Qe7 13. Rh3 Bd7 14. g4 g6 15. Qe1 Ne8 16. Ba3 f6 17. Bxd6 Nxd6 18. Nxd7 Qxd7 19. Nd2 Rac8 20. Nf3 Rc2 21. Qh4 Qg7 22. Qe1 Re8 23. Qg3 Nb5 24. Re1 Rxa2 25. f5 gxf5 26. gxf5 Qxg3+ 27. Rxg3+ Kf7 28. fxe6+ Rxe6 29. Rxe6 Kxe6 30. Rg7 Rb2 31. Rxh7 Rxb3 32. Rxb7 a5 33. Rb6+ Kf5 34. Ra6 Rxd3 35. Rxa5 Nxd4 1/2-1/2

[Event "Bialystok Zamenhof Memorial-B 36th"]
[Site "Bialystok"]
[Date "2017.12.29"]
[Round "5"]
[White "Kindler, Karolina"]
[Black "Parol, Pola"]
[Result "1-0"]
[WhiteElo "1756"]
[BlackElo "1929"]
[PlyCount "129"]
[EventDate "2017.12.27"]
[EventType "swiss"]
[EventRounds "9"]
[EventCountry "POL"]
[SourceTitle "CBM 182 Extra"]
[Source "ChessBase"]
[SourceDate "2018.02.23"]
[SourceVersion "1"]
[SourceVersionDate "2018.02.23"]
[SourceQuality "1"]

1. Nf3 d5 2. b3 Nf6 3. Bb2 Bg4 4. e3 e6 5. Be2 c5 6. c4 dxc4 7. bxc4 Nc6 8. d3 Be7 9. 0-0 0-0 10. Ne5 Nxe5 11. Bxe5 Bxe2 12. Qxe2 Nd7 13. Bb2 Bf6 14. Nc3 Qc7 15. Ne4 Bxb2 16. Qxb2 Ne5 17. Qe2 Rfd8 18. Rae1 h6 19. f4 Ng6 20. Rf3 b6 21. Rg3 Qe7 22. Nf2 Rd6 23. Ng4 Kh7 24. Ne5 Nxe5 25. fxe5 Rd7 26. Qg4 Rg8 27. Qe4+ Kh8 28. Rf1 Qd8 29. Qf4 Rf8 30. Rh3 f5 31. Rff3 Rff7 32. e4 Rc7 33. Rfg3 Qd4+ 34. Re3 Qa1+ 35. Qf1 Qxf1+ 36. Kxf1 fxe4+ 37. Ke2 exd3+ 38. Rxd3 Rf4 39. Rc3 Rcf7 40. Rhf3 Re4+ 41. Rfe3 Rff4 42. Ra3 Rxc4 43. Rxa7 Rc2+ 44. Kd3 Rxg2 45. Rb7 Rb4 46. Re7 Rd4+ 47. Kc3 Rxa2 48. Rg3 Ra3+ 49. Kb2 Rxg3 50. hxg3 Rd2+ 51. Kc3 Rg2 52. Rxe6 b5 53. Rc6 Rxg3+ 54. Kd2 c4 55. e6 Rd3+ 56. Kc2 Re3 57. Kd2 Re5 58. Kc3 Re4 59. Kb4 c3+ 60. Kxc3 Rc4+ 61. Rxc4 bxc4 62. e7 g5 63. e8Q+ Kg7 64. Qh5 Kh7 65. Kxc4 1-0

[Event "POL-chT U20 1st League"]
[Site "Szczyrk"]
[Date "2017.07.27"]
[Round "6.11"]
[White "Marczuk, Anna"]
[Black "Kindler, Karolina"]
[Result "1-0"]
[WhiteElo "1967"]
[BlackElo "1701"]
[PlyCount "159"]
[EventDate "2017.07.22"]
[EventType "team-tourn"]
[EventRounds "9"]
[EventCountry "POL"]
[SourceTitle "EXT 2019"]
[Source "ChessBase"]
[SourceDate "2018.10.10"]
[SourceVersion "1"]
[SourceVersionDate "2018.10.10"]
[SourceQuality "1"]

1. d4 d5 2. Nc3 Nf6 3. Bf4 e6 4. Nb5 Bd6 5. Nxd6+ cxd6 6. h3 Nc6 7. Nf3 Qc7 8. e3 a6 9. Be2 0-0 10. 0-0 h6 11. Bh2 Rd8 12. Rc1 b5 13. c3 Na5 14. Nd2 Bb7 15. b3 Qc6 16. Qc2 Rac8 17. Qb2 Qb6 18. Rc2 Rc6 19. Rfc1 Rdc8 20. Bf3 R6c7 21. a3 Ne4 22. Be2 Nxd2 23. Rxd2 Rc6 24. Rdc2 R6c7 25. Bg3 Re7 26. Qa2 Rec7 27. f3 f5 28. Kh2 g5 29. Bd3 h5 30. Be1 Rg7 31. c4 bxc4 32. Bxa5 Qxa5 33. bxc4 Rgc7 34. Qb3 dxc4 35. Rxc4 Rxc4 36. Rxc4 Rxc4 37. Bxc4 Bd5 38. Bxd5 Qxd5 39. Qxd5 exd5 40. h4 g4 41. fxg4 fxg4 42. Kg3 Kg7 43. Kf4 Kf6 44. a4 a5 45. g3 Kg6 46. e4 Kf6 47. exd5 Kg6 48. Ke3 Kf6 49. Kd2 Kf5 50. Kd3 Kf6 51. Kc4 Kf5 52. Kb5 Ke4 53. Kc6 Kf3 54. Kxd6 Kxg3 55. Kc6 Kh3 56. d6 g3 57. d7 g2 58. d8Q g1Q 59. d5 Qc1+ 60. Kb7 Qb1+ 61. Qb6 Qh7+ 62. Qc7 Qe4 63. Qc6 Qe7+ 64. Kc8 Kxh4 65. d6 Qe6+ 66. Kc7 Kg4 67. d7 Qe5+ 68. Kc8 Qf5 69. Kb7 Qb1+ 70. Kc8 Qf5 71. Kb8 Qf8+ 72. Kb7 Qf7 73. Qg2+ Kh4 74. Qe4+ Kg3 75. Kc8 h4 76. d8Q h3 77. Qdh4+ Kh2 78. Qe2+ Kg1 79. Qg3+ Kh1 80. Qgh2# 1-0

[Event "POL-chT 2nd League"]
[Site "Jastrzebia Gora"]
[Date "2016.09.10"]
[Round "8.96"]
[White "Wasik, Justyna"]
[Black "Kindler, Karolina"]
[Result "0-1"]
[WhiteElo "1385"]
[BlackElo "1717"]
[PlyCount "86"]
[EventDate "2016.09.03"]
[EventType "team-swiss"]
[EventRounds "9"]
[EventCountry "POL"]
[SourceTitle "EXT 2017"]
[Source "ChessBase"]
[SourceDate "2016.10.25"]
[SourceVersion "1"]
[SourceVersionDate "2016.10.25"]
[SourceQuality "1"]
[WhiteTeam "Rzeszow"]
[BlackTeam "Ostroda Ostrodzianka"]
[WhiteTeamCountry "POL"]
[BlackTeamCountry "POL"]

1. Nf3 d5 2. d4 Nf6 3. c4 e6 4. Nc3 Be7 5. Bf4 a6 6. e3 Nbd7 7. cxd5 exd5 8. Bd3 c6 9. Qc2 h6 10. 0-0-0 b5 11. h4 a5 12. e4 dxe4 13. Nxe4 Nxe4 14. Bxe4 Bb7 15. Ne5 Nxe5 16. Bxe5 0-0 17. Kb1 Qb6 18. Rh3 f6 19. Bf4 Rfd8 20. Rg3 Rxd4 21. Rxd4 Qxd4 22. Bxh6 Bf8 23. Be3 Qd7 24. h5 Rd8 25. Kc1 c5 26. Bf5 Qd5 27. h6 Bc8 28. Bh7+ Kh8 29. hxg7+ Bxg7 30. Be4 Qxa2 31. Qxc5 Qc4+ 32. Qxc4 bxc4 33. Bb6 Bh6+ 34. Kb1 Rd1+ 35. Ka2 Be6 36. Rc3 Bd2 37. Rc2 c3+ 38. b3 a4 39. Ka3 axb3 40. Rxd2 cxd2 41. Bf3 Ra1+ 42. Kb2 d1Q 43. Bxd1 Rxd1 0-1

[Event "POL-chT 2nd League"]
[Site "Jastrzebia Gora"]
[Date "2016.09.07"]
[Round "5.60"]
[White "Krzyzanowska Zadlo, Lidia"]
[Black "Kindler, Karolina"]
[Result "1/2-1/2"]
[WhiteElo "1848"]
[BlackElo "1717"]
[PlyCount "60"]
[EventDate "2016.09.03"]
[EventType "team-swiss"]
[EventRounds "9"]
[EventCountry "POL"]
[SourceTitle "EXT 2017"]
[Source "ChessBase"]
[SourceDate "2016.10.25"]
[SourceVersion "1"]
[SourceVersionDate "2016.10.25"]
[SourceQuality "1"]
[WhiteTeam "Stara Wies Parnas"]
[BlackTeam "Ostroda Ostrodzianka"]
[WhiteTeamCountry "POL"]
[BlackTeamCountry "POL"]

1. e4 c5 2. Nc3 e6 3. f4 d6 4. Nf3 Nf6 5. Bb5+ Bd7 6. Bxd7+ Qxd7 7. 0-0 Nc6 8. d3 Be7 9. h3 0-0 10. g4 g6 11. Ne2 h5 12. g5 Ne8 13. Ng3 Ng7 14. Nh4 d5 15. e5 Rfd8 16. c3 b5 17. b3 a5 18. Bd2 b4 19. Nf3 bxc3 20. Bxc3 Rdc8 21. h4 Rc7 22. Qe2 Qc8 23. Rfd1 Qa6 24. Kg2 Qb6 25. Kh3 Rac8 26. Be1 Nd4 27. Qf2 Ngf5 28. Nxf5 Nxf5 29. Qd2 Ra8 30. Bf2 Rac8 1/2-1/2

[Event "POL-chT U20 1st League"]
[Site "Suchedniow"]
[Date "2016.07.23"]
[Round "1.5"]
[White "Kindler, Karolina"]
[Black "Kostecka, Marika"]
[Result "1/2-1/2"]
[WhiteElo "1714"]
[BlackElo "1693"]
[PlyCount "87"]
[EventDate "2016.07.23"]
[EventType "team-tourn"]
[EventRounds "9"]
[EventCountry "POL"]
[SourceTitle "EXT 2019"]
[Source "ChessBase"]
[SourceDate "2018.10.10"]
[SourceVersion "1"]
[SourceVersionDate "2018.10.10"]
[SourceQuality "1"]

1. Nf3 c5 2. e3 Nc6 3. c4 Nf6 4. Nc3 d6 5. d4 cxd4 6. exd4 Bg4 7. Be2 g6 8. 0-0 Bg7 9. d5 Bxf3 10. Bxf3 Ne5 11. Be2 0-0 12. Be3 Qc8 13. b3 b6 14. h3 Qb7 15. Rc1 Rac8 16. Qd2 Rfd8 17. f4 Ned7 18. f5 Ne5 19. Bd4 Nfd7 20. fxg6 hxg6 21. Ne4 Nc5 22. Nxc5 bxc5 23. Bc3 Rf8 24. Rf2 Rb8 25. Qg5 Qd7 26. h4 Qd8 27. h5 e6 28. Qxd8 Rfxd8 29. Rcf1 Rb7 30. hxg6 Nxg6 31. Bxg7 Kxg7 32. dxe6 fxe6 33. Rf6 Re7 34. Bg4 Nf8 35. Bh5 a5 36. g4 Nd7 37. Rg6+ Kh7 38. g5 Ne5 39. Rh6+ Kg7 40. Rhf6 Rh8 41. Bd1 Rh3 42. Kg2 Rh8 43. R1f2 Nf7 44. Bc2 1/2-1/2